| 000 | 00382nam a22001457a 4500 | ||
|---|---|---|---|
| 003 | MACL | ||
| 005 | 20191129164359.0 | ||
| 008 | 191129b xxu||||| |||| 00| 0 eng d | ||
| 040 | _cMACL | ||
| 100 |
_aJayanthy , S. _977373 |
||
| 245 | _aThe Life & Philosophy of Srisankara | ||
| 260 |
_aDelhi _bNew Bharatiya Book Corporation _c2017 |
||
| 650 |
_aBiography _977374 |
||
| 942 |
_2ddc _cBK |
||
| 999 |
_c61462 _d61462 |
||